[Event "Mallorca La Goleta U2200"]
[Site "Palma de Mallorca"]
[Date "2012.08.24"]
[Round "6"]
[White "Jimenez Vado, Yvan"]
[Black "Gaitan Moyano, Juan Jose"]
[Result "0-1"]
[WhiteElo "1753"]
[BlackElo "1874"]
[PlyCount "102"]
[EventDate "2012.08.10"]
[EventType "swiss"]
[EventRounds "7"]
[EventCountry "ESP"]
[SourceTitle "EXT 2014"]
[Source "ChessBase"]
[SourceDate "2013.11.20"]
[SourceVersion "1"]
[SourceVersionDate "2013.11.20"]
[SourceQuality "1"]

1. e4 c5 2. Nc3 d6 3. f4 Nc6 4. Nf3 e6 5. Bc4 Nf6 6. 0-0 Be7 7. d3 0-0 8. a4 a6 9. Bd2 b6 10. h3 Bb7 11. Ba2 Nb4 12. g4 Qc7 13. Qe2 Nxc2 14. f5 exf5 15. gxf5 Nxa1 16. Rxa1 Rfd8 17. Qg2 Kh8 18. Kh1 Nd7 19. Rg1 Bf6 20. Bg5 g6 21. Nh4 Re8 22. Bxf6+ Nxf6 23. Qg5 Qe7 24. Qh6 Ng8 25. Qf4 Qe5 26. Qg4 Nf6 27. Qg5 Nh5 28. Rg4 Ng7 29. Nf3 f6 30. Qh6 Qe7 31. fxg6 Nf5 32. Qh5 Qg7 33. Qxf5 Bc8 34. Qh5 Bxg4 35. hxg4 Qxg6 36. Qxg6 hxg6 37. Nd5 b5 38. axb5 axb5 39. Nh4 Kg7 40. Nc7 Rad8 41. Ne6+ Rxe6 42. Bxe6 Rh8 43. Kg2 Rxh4 44. Kg3 Rh1 45. Kf3 Kf8 46. Bd7 b4 47. b3 Ke7 48. Bb5 Ke6 49. Bc4+ Ke5 50. Ke3 Rc1 51. Kf3 g5 0-1

[Event "ESP-ch U12"]
[Site "Salobrena"]
[Date "2012.07.07"]
[Round "9.4"]
[White "Cirera Sancho, Alberto"]
[Black "Jimenez Vado, Yvan"]
[Result "1/2-1/2"]
[WhiteElo "1629"]
[BlackElo "1739"]
[PlyCount "62"]
[EventDate "2012.07.02"]
[EventType "swiss"]
[EventRounds "9"]
[EventCountry "ESP"]
[SourceTitle "EXT 2024"]
[Source "ChessBase"]
[SourceDate "2023.10.10"]
[SourceVersion "1"]
[SourceVersionDate "2023.10.10"]
[SourceQuality "1"]

1. e4 c5 2. Nc3 d6 3. g3 g6 4. Bg2 Bg7 5. d3 Nc6 6. f4 e6 7. Nf3 Nge7 8. 0-0 0-0 9. Qe1 f5 10. h3 Bd7 11. g4 Re8 12. Qh4 Nc8 13. Qxd8 Nxd8 14. Bd2 Nc6 15. exf5 exf5 16. g5 Nb6 17. Nb5 Re2 18. c3 Bf8 19. Rfe1 Rae8 20. Kf1 Rxe1+ 21. Rxe1 Rxe1+ 22. Nxe1 a6 23. Nc7 Nd8 24. c4 Nc6 25. Nd5 Nxd5 26. Bxd5+ Kh8 27. Bc3+ Bg7 28. Nc2 Bxc3 29. bxc3 Nd8 30. Ke2 Be6 31. Ke1 Bc8 1/2-1/2

[Event "ESP-ch U12"]
[Site "Salobrena"]
[Date "2012.07.06"]
[Round "8.2"]
[White "Jimenez Vado, Yvan"]
[Black "Gimenez Aguirre, Ismael Alejo"]
[Result "0-1"]
[WhiteElo "1739"]
[BlackElo "1872"]
[PlyCount "60"]
[EventDate "2012.07.02"]
[EventType "swiss"]
[EventRounds "9"]
[EventCountry "ESP"]
[SourceTitle "EXT 2024"]
[Source "ChessBase"]
[SourceDate "2023.10.10"]
[SourceVersion "1"]
[SourceVersionDate "2023.10.10"]
[SourceQuality "1"]

1. d4 Nf6 2. Nf3 e6 3. g3 b6 4. Bg2 Bb7 5. 0-0 Be7 6. c4 0-0 7. Nc3 d6 8. Qc2 Nbd7 9. e4 Re8 10. Rd1 h6 11. b3 Nf8 12. Ne1 c6 13. e5 N6d7 14. Ba3 dxe5 15. Bxe7 Qxe7 16. Ne4 Red8 17. c5 exd4 18. cxb6 axb6 19. Rxd4 c5 20. Rd2 Ne5 21. Rad1 Bd5 22. Nd3 Nfg6 23. f4 Nc6 24. Ne1 Nd4 25. Qb1 f5 26. Nc3 Bxg2 27. Rxg2 e5 28. Rf2 exf4 29. gxf4 Re8 30. Nc2 Nxf4 0-1

[Event "ESP-ch U12"]
[Site "Salobrena"]
[Date "2012.07.06"]
[Round "7.1"]
[White "Porta Tovar, Guillem"]
[Black "Jimenez Vado, Yvan"]
[Result "1/2-1/2"]
[WhiteElo "1846"]
[BlackElo "1739"]
[PlyCount "78"]
[EventDate "2012.07.02"]
[EventType "swiss"]
[EventRounds "9"]
[EventCountry "ESP"]
[SourceTitle "EXT 2024"]
[Source "ChessBase"]
[SourceDate "2023.10.10"]
[SourceVersion "1"]
[SourceVersionDate "2023.10.10"]
[SourceQuality "1"]

1. e4 c5 2. Nf3 Nc6 3. d4 cxd4 4. Nxd4 Nf6 5. Nc3 g6 6. Be3 Bg7 7. Bc4 0-0 8. Bb3 d6 9. f3 Bd7 10. Qd2 Na5 11. Nd5 Nxb3 12. Nxf6+ Bxf6 13. Nxb3 Bxb2 14. h4 Qc7 15. Bd4 Bxd4 16. Nxd4 Rac8 17. 0-0-0 Qc3 18. Qxc3 Rxc3 19. Kb2 Rfc8 20. Rd2 Kg7 21. h5 Ba4 22. Rh3 Bd7 23. g4 Bxg4 24. Rg3 Bd7 25. hxg6 hxg6 26. Rh2 R3c5 27. f4 Rh8 28. Rhg2 e6 29. Rb3 b6 30. Ra3 a5 31. Rb3 b5 32. Rf3 Kf8 33. Rd2 Ke7 34. Re3 Kd8 35. Nb3 Rc6 36. Nxa5 Ra6 37. Nb3 Kc7 38. e5 d5 39. Nd4 Kb6 1/2-1/2

[Event "ESP-ch U12"]
[Site "Salobrena"]
[Date "2012.07.02"]
[Round "2.9"]
[White "Represa Perez, Mireya"]
[Black "Jimenez Vado, Yvan"]
[Result "0-1"]
[WhiteElo "1525"]
[BlackElo "1739"]
[PlyCount "52"]
[EventDate "2012.07.02"]
[EventType "swiss"]
[EventRounds "9"]
[EventCountry "ESP"]
[SourceTitle "EXT 2024"]
[Source "ChessBase"]
[SourceDate "2023.10.10"]
[SourceVersion "1"]
[SourceVersionDate "2023.10.10"]
[SourceQuality "1"]

1. e4 c5 2. Nc3 Nc6 3. f4 d6 4. Nf3 g6 5. Bc4 Bg7 6. 0-0 e6 7. d3 Nge7 8. Qe1 a6 9. Bb3 b5 10. f5 gxf5 11. exf5 Nxf5 12. Ng5 0-0 13. Nxe6 fxe6 14. Bxe6+ Kh8 15. Qe4 Bd4+ 16. Kh1 Ng3+ 17. hxg3 Rxf1+ 18. Kh2 Bxe6 19. Qxe6 Qf6 20. Qxf6+ Bxf6 21. Ne4 Be5 22. c3 Raf8 23. Nd2 Rd1 24. Nf3 Rg8 25. Nxe5 Nxe5 26. b3 Ng4+ 0-1

[Event "Mallorca-chC"]
[Site "Palma de Mallorca"]
[Date "2011.11.26"]
[Round "6"]
[White "Perez Garcia, Miguel"]
[Black "Jimenez Vado, Yvan"]
[Result "0-1"]
[WhiteElo "1811"]
[BlackElo "1676"]
[PlyCount "66"]
[EventDate "2011.10.29"]
[EventType "swiss"]
[EventRounds "8"]
[EventCountry "ESP"]
[SourceTitle "EXT 2017"]
[Source "ChessBase"]
[SourceDate "2016.10.25"]
[SourceVersion "1"]
[SourceVersionDate "2016.10.25"]
[SourceQuality "1"]

1. Nf3 Nf6 2. c4 g6 3. Nc3 Bg7 4. e4 d6 5. d4 0-0 6. Be2 e5 7. dxe5 dxe5 8. Qxd8 Rxd8 9. Bg5 c6 10. Nxe5 Re8 11. 0-0-0 Nxe4 12. Nxe4 Bxe5 13. Nf6+ Bxf6 14. Bxf6 Be6 15. b3 Nd7 16. Bf3 Nxf6 17. Rd6 Rad8 18. Rhd1 Rxd6 19. Rxd6 Kg7 20. h3 Re7 21. Kb2 Rd7 22. Rxd7 Nxd7 23. Kc3 Ne5 24. Be2 Kf6 25. Kb4 Bf5 26. g4 Be4 27. f4 Nd3+ 28. Kc3 Nxf4 29. Kd4 Nxe2+ 30. Kxe4 Nc3+ 31. Kd4 Nxa2 32. Kc5 Ke6 33. b4 f5 0-1